| 000 | 00799cpcaa2200253 4500 | ||
|---|---|---|---|
| 001 | mm 79005655 | ||
| 003 | DLC | ||
| 005 | 20260227111652.0 | ||
| 008 | 790423|||||||||||| ita | ||
| 010 | _amm 79005655 | ||
| 040 |
_aDLC _cDLC _edacs _dDLC |
||
| 072 | 7 |
_aL _2lcmd |
|
| 100 | 1 | _aDi-Carlo, Luigi. | |
| 245 | 0 | 0 |
_aLuigi Di-Carlo poems, _f1904-1905. |
| 300 |
_a3 _fitems. |
||
| 506 | 0 | _aOpen to research. | |
| 545 | 0 | _aClergyman and poet. | |
| 546 | _aCollection material in Italian. | ||
| 580 | _aForms part of: Miscellaneous Manuscripts collection. | ||
| 656 | 7 |
_aClergy. _2itoamc |
|
| 656 | 7 |
_aPoets. _2itoamc |
|
| 999 |
_c41962 _d41962 |
||